000
00277nam a2200097Ia 4500
082
_a
248.4 COM
245
0
_a
Seisoene van genade
100
_a
Burger, C. W. Wellington [South Africa], 2005 1ste uitg
_9
60015
942
_c
BK
008
210817s9999 xx 000 0 und d
999
_c
188756
_d
188755